|
|
|
|
| LEADER |
00925nam a2200241 a 4500 |
| 001 |
00025191 |
| 008 |
120603r20122006enka j 000 1 eng |
| 020 |
|
|
|a 9780194247566
|
| 040 |
|
|
|a BD-DhAAL
|c BD-DhAAL
|
| 082 |
0 |
4 |
|a 428.6
|2 22
|
| 999 |
|
|
|c 12337
|d 12337
|
| 999 |
|
|
|c 12337
|
| 100 |
1 |
|
|a Shakespeare, William
|9 1826
|
| 245 |
1 |
0 |
|a Macbeth /
|c William Shakespeare ;Text adaptation by Alistair mcCallum
|
| 260 |
|
|
|a Oxford :
|b Oxford University Press,
|c c2010.[reprinted 2012]
|
| 300 |
|
|
|a 51 p. :
|b col. ill. ;
|c 21cm.
|
| 440 |
0 |
|
|a Dominoes ;
|v One
|9 1827
|
| 541 |
1 |
|
|e 00025191
|
| 650 |
|
0 |
|a Readers (Elementary)
|9 1819
|
| 700 |
1 |
|
|a McCallum, Alistair
|9 1828
|
| 852 |
1 |
|
|a Ayesha Abed library
|c General Shelf
|
| 942 |
|
|
|2 ddc
|c AV
|
| 952 |
|
|
|0 0
|1 0
|2 ddc
|4 0
|6 428_600000000000000_SHA
|7 0
|9 20393
|a BRACUL
|b BRACUL
|c GEN
|d 2012-06-04
|l 5
|m 30
|o 428.6 SHA
|p 3010025191
|r 2026-03-03
|s 2025-09-23
|t 1
|w 2012-06-04
|y BK
|x Transferred from BIL to BRACUL on 06/06/22
|